El comercio
Tallennettuna:
| Aineistotyyppi: | Kirja |
|---|---|
| Kieli: | espanja |
| Julkaistu: |
Nueva York
W. N. Jackson
1928
|
| Sarja: | Moderna de Conocimientos Universales
|
| Aiheet: | |
| Tagit: |
Lisää tagi
Ei tageja, Lisää ensimmäinen tagi!
|
MARC
| LEADER | 00000nam a2200000 a 4500 | ||
|---|---|---|---|
| 001 | UCS2043 | ||
| 003 | CL-VaPUC | ||
| 008 | 970516e19280000US |||||||||||||||||spa|d | ||
| 082 | 0 | 4 | |a 380.102 |b COM |2 21 |
| 245 | 1 | 3 | |a El comercio |
| 300 | |a 392 p | ||
| 942 | |c BK | ||
| 945 | |d 19970516 00:00:00 |a paguirre | ||
| 260 | |a Nueva York |b W. N. Jackson |c 1928 | ||
| 650 | 0 | |a Comercio |9 255341 | |
| 650 | 0 | |a Riqueza |9 256853 | |
| 650 | 0 | |a Dinero |9 314331 | |
| 650 | 7 | |a COMERCIO INTERNACIONAL |2 CL-VaPUC |9 387057 | |
| 650 | 0 | |a Mercados |9 338624 | |
| 583 | |a last modification |c 19970516 00:00:00 |k Rodrigo Vera | ||
| 490 | 0 | |a Moderna de Conocimientos Universales | |
| 999 | |c 260041 |d 260039 | ||
| 952 | |0 0 |1 0 |4 0 |6 380_102000000000000_COM_1928 |7 0 |8 P |9 285616 |a BIBDER |b BIBDER |d 2019-11-19 |i 185562K |o 380.102 COM 1928 |p 185562K |r 2023-01-25 |w 2019-11-19 |y BK |k DER | ||